000 00767nam a2200265 a 4500
001 373
003 BR-CuiBMT
005 20231106224616.0
008 231101s2011 mgb 000 0 por d
020 _a978857700491
040 _aBR-CuiBMT
_cBR-CuiBMT
080 _a342
_22007
090 _a342
_bC184d
100 1 _aCammarosano, Márcio
245 0 _aDireito público :
_bestudos e pareceres /
_cMárcio Cammarosano, Georges Louis Hage Humbert.
260 _aBelo Horizonte :
_bFórum,
_c2011.
300 _a187 p. :
_c22 cm
504 _aInclui bibliografia.
650 _aDireito público
650 _aDireito Constitucional
650 _aDireito administrativo
650 _aDireito ambiental
700 _aHumbert, Georges Louis Hage
942 _2udc
_cLV
999 _c373
_d373